| 000 -LEADER |
| fixed length control field |
01003pab a2200217 454500 |
| 008 - FIXED-LENGTH DATA ELEMENTS--GENERAL INFORMATION |
| fixed length control field |
180718b1995 xxu||||| |||| 00| 0 eng d |
| 100 ## - MAIN ENTRY--PERSONAL NAME |
| Personal name |
Panth, Ananth S. |
| 245 ## - TITLE STATEMENT |
| Title |
Finances of Panchayati Raj institutions |
| 260 ## - PUBLICATION, DISTRIBUTION, ETC. |
| Date of publication, distribution, etc. |
1995 |
| 300 ## - PHYSICAL DESCRIPTION |
| Extent |
p.68-77. |
| 362 ## - DATES OF PUBLICATION AND/OR SEQUENTIAL DESIGNATION |
| Dates of publication and/or sequential designation |
Jan-Mar |
| 520 ## - SUMMARY, ETC. |
| Summary, etc. |
"Endorsing the need for greater financial autonomy of PRIs, the authors analyse: (a) recommendations made by various committees on PRI finances, (b) existing instruments of inter-governmental financial transfers to PRIs, and (c) various provisions made in the 73rd Constitutional Amendment Act regarding: (1) PRIs' resource mobilisation, (2) periodical review of their financial position, and (3) their audit and accounts to ensure smooth functioning of PRIs" |
| 650 ## - SUBJECT ADDED ENTRY--TOPICAL TERM |
| Topical term or geographic name entry element |
Constitution - Amendments - 73rd |
| 650 ## - SUBJECT ADDED ENTRY--TOPICAL TERM |
| Topical term or geographic name entry element |
India |
| 650 ## - SUBJECT ADDED ENTRY--TOPICAL TERM |
| Topical term or geographic name entry element |
Panchayat - India |
| 650 ## - SUBJECT ADDED ENTRY--TOPICAL TERM |
| Topical term or geographic name entry element |
Panchayat |
| 700 ## - ADDED ENTRY--PERSONAL NAME |
| Personal name |
Bohra, Om Prakash |
| 773 ## - HOST ITEM ENTRY |
| Main entry heading |
Indian Journal of Public Administration |
| 908 ## - PUT COMMAND PARAMETER (RLIN) |
| Put command parameter |
N |
| 909 ## - |
| -- |
29418 |